Sentino - Zabójstwo Liryczne 2 - Statystyki

Ogólne statystyki
  • Ten quiz został rozwiązany 14 razy
  • Średni wynik to 10 z 15
Statystyki odpowiedzi
Zabójstwo Liryczne 2 % Poprawnych
Biznesmenel
89%
Vitalyi
89%
Dzieci wojny
78%
Parę Klocków
78%
Ta droga
78%
Zabij się
78%
Alfa i Romeo
67%
Gomorra
67%
Nieodebrane
67%
Państwo w państwie
67%
Moja Bitch
56%
Swój sen
56%
Przy Bogu
44%
Śmierć Wrogom
44%
Walczę z diabłem
44%
Nie znaleziono quizów pasujących do podanych kryteriów
Rozkład punktacji
Procent ludzi z każdym wynikiem
Percentyl według liczby udzielonych odpowiedzi
Twoja historia wyników
Nie rozwiązałeś tego quizu